Ochrana spotrebiteľa v sfére potravín diplomová práca

Gespeichert in:
Bibliographische Detailangaben
1. Verfasser: Maroň, Tomáš
Körperschaft: Obchodná fakulta EU. Katedra marketingu
Weitere Verfasser: Korčoková, Marína, 1970-
Format: Buch
Sprache:Slowakisch
Veröffentlicht: Bratislava 2012
Tags: Tag hinzufügen
Keine Tags, Fügen Sie das erste Tag hinzu!

MARC

LEADER 00000nbm a2200000 4500
001 0158791
005 20161109102208.9
041 0 |a slo 
044 |a SK 
245 1 0 |a Ochrana spotrebiteľa v sfére potravín  |b diplomová práca  |c Tomáš Maroň ; školiteľ: Marína Korčoková 
264 1 |a Bratislava  |c 2012 
300 |a 129 s. 
100 1 |a Maroň, Tomáš 
700 1 |a Korčoková, Marína, 1970- 
710 2 |a Obchodná fakulta EU. Katedra marketingu